• 首页
  • 本馆介绍
  • 公告通知
  • 最新文献
  • 馆藏检索
  • 电子资源
  • 读者导购
  • 参考咨询
  • 我的图书馆
  • 登录
  • 详细信息显示
  • 放入我的书架
  • 预约/预借图书
  • 作者相关作品
  • 分类相关作品
  • 丛书相关作品
  • 出版社相关作品

书目信息

  • 表格格式
  • 工作单格式
  • 卡片格式
题名:
阿拉伯—伊斯兰文化史
    
 
作者: 艾哈迈德·爱敏 著 ;纳忠 译
分册: 一   黎明时期
出版信息: 北京   商务印书馆  1982
页数: 323页
开本: 19cm
丛书名:
单 册:
中图分类: K370.03
科图分类:
主题词: 文化史:伊斯兰教史--阿拉伯半岛地区 , 伊斯兰教史:文化史--阿拉伯半岛地区
电子资源:
ISBN:
000 00813nam0 2200265 45
001 0182001193
005 20060914092504.03
010    @dCNY1.40
091    @aCN@b11017.522
100    @a19950626d1982 em y0chiy0121 ea
101 1  @achi@cegy
102    @aCN@b110000
105    @ay z 000yy
200 10 @a阿拉伯—伊斯兰文化史@Aa la bo yi si lan wen hua shi@h一@i黎明时期@f(埃及)艾哈迈德·爱敏著@g纳忠译
210    @a北京@c商务印书馆@d1982
215    @a323页@d19cm
517 1  @a黎明时期@Ali ming shi qi
606    @a文化史:伊斯兰教史@y阿拉伯半岛地区
606    @a伊斯兰教史:文化史@y阿拉伯半岛地区
690    @aK370.03@v3
701  1 @a艾哈迈德·爱敏@Aai ha mai de· ai min@4著
702  0 @a纳忠@Ana zhong@4译
801  0 @aCN@bTSSF@c20060914
801  2 @aCN@bNLC@c20060913
905    @a10447@dK370.03@e6
    
    阿拉伯—伊斯兰文化史.一.黎明时期/(埃及)艾哈迈德·爱敏著/纳忠译.-北京:商务印书馆,1982
    323页;19cm
    
    
    ISBN :CNY1.40
    
●
相关链接 在E读中查询图书 在五车中查询图书 在当当中查询图书 在豆瓣中查询图书


正题名:阿拉伯—伊斯兰文化史     索取号:K370.03/6         预约/预借

序号 登录号 条形码 馆藏地/架位号 状态 备注
1 0453745   204537457   密集书库/ [索取号:K370.03/6] 在馆    
2 0466425   204664256   密集书库/ [索取号:K370.03/6] 在馆    
3 0466426   204664265   密集书库/ [索取号:K370.03/6] 在馆    
4 0472324   204723246   密集书库/ [索取号:K370.03/6] 在馆    
5 0472524   204725244   密集书库/ [索取号:K370.03/6] 在馆    
唐山师范学院图书馆 欢迎您!
大连网信软件有限公司© 版权所有